Ο αγροτικός κόσμος στον μεσογειακό χώρο : πρακτικά του ελληνογαλλικού συνεδρίου = Le monde rural dans l'aire mediterraneenne : actes du congres franco-hellenique, Athenes 4-7 Dec. 1984
Αποθηκεύτηκε σε:
| Συλλογικό Έργο: | , , |
|---|---|
| Μορφή: | Βιβλίο |
| Γλώσσα: | Greek French |
| Δημοσίευση: |
Αθήνα :
E.K.K.E. - K.N.E./E.I.E.,
1988.
|
| Θέματα: | |
| Ετικέτες: |
Προσθήκη ετικέτας
Δεν υπάρχουν, Καταχωρήστε ετικέτα πρώτοι!
|
MARC
| LEADER | 00000cam a2200000 i 4500 | ||
|---|---|---|---|
| 001 | 1/8063 | ||
| 008 | 960926s1988####gr | | ||| |||| ||gre|| | ||
| 035 | |l 10016958 | ||
| 040 | |a GR-MY-UA |b gre |e aacr | ||
| 041 | 0 | |a gre |a fre | |
| 082 | 0 | |a 307.72 | |
| 110 | 2 | |a Γαλλοελληνικός Επιστημονικός και Τεχνικός Σύνδεσμος. |b Συνέδριο |d (1984 : |c Αθήνα) | |
| 245 | 1 | 2 | |a Ο αγροτικός κόσμος στον μεσογειακό χώρο : |b πρακτικά του ελληνογαλλικού συνεδρίου = Le monde rural dans l'aire mediterraneenne : actes du congres franco-hellenique, Athenes 4-7 Dec. 1984 / |c Οργανώθηκε από τον Γαλλοελληνικό Επιστημονικό και Τεχνικό Σύνδεσμο, με την επιστημονική συμμετοχή των Centre National de la Recherche Scientifique (CNRS) και το Εθνικό Ιδρυμα Ερευνών (Ε.Ι.Ε.). |
| 246 | 1 | |i Παράλληλος τίτλος: |a Le monde rural dans l'aire mediterraneenne : |b actes du congres franco-hellenique | |
| 260 | |a Αθήνα : |b E.K.K.E. - K.N.E./E.I.E., |c 1988. | ||
| 300 | |a 645 σ. : |b πίν., εικ., χάρτες. ; |c 25 εκ. | ||
| 650 | 0 | 0 | |a Agriculture |x Social aspects |x Congresses. |
| 650 | 0 | 0 | |a Sociology, Rural |z Mediterranean Region |x Congresses. |
| 710 | 2 | |a Centre national de la recherche scientifique (France) | |
| 710 | 2 | |a Εθνικό Ίδρυμα Ερευνών. | |
| 852 | |a INST |b LESVOS |e 19960926 |h 307.72 ΑΓΡ |p 005100006483 |q 005100006483 |t BK |y 0 | ||
| 922 | |a 1ΕΛΗ |b 199310 |c ΚΑΡΑΒΑΣ | ||